000 00780nam a22002417a 4500
001 68852
003 UA-OsUOA
005 20211129215218.0
007 ta
008 20100520b un ||||| |||| 00| 0 ukr d
020 _a978-966-361-244-7
040 _aUA-OsUOA
_bukr
_cUA-OsUOA
_dUA-OsUOA
041 _aukr
080 _a908(477.82)"19"
090 _a908(477.82)"19"
_bК75
100 _aКоц М.
245 _aВолинь у лещатах смерті
_bпубліцистично-документальна повість
_pСторінки з життя Миколи Коца і не тільки
_nч. 1
260 _aЛуцьк
_c2007
300 _a431 с.
650 7 _a9 Географія. Біографії. Історія
_2UDC
942 _cBK
_2udc
955 _a2
999 _c355101
_d355101